Structured HEXA Meshing Using Ansys ICEM CFD. Part 2

Uloženo v:
Podrobná bibliografie
Další autoři: Canal PRACE Courses / YouTube
Médium: Kniha
Jazyk:angličtina
Témata:
On-line přístup:Structured HEXA Meshing Using Ansys ICEM CFD. Part 2
Tagy: Přidat tag
Žádné tagy, Buďte první, kdo vytvoří štítek k tomuto záznamu!

MARC

LEADER 00000nam a22000004a 4500
001 vpro9219
005 20201223000000.0
008 151113s2015 ck # g## #001 0#eng#d
020
022
040 |a CO-BoINGC 
041 0 |a eng 
245 1 0 |a Structured HEXA Meshing Using Ansys ICEM CFD. Part 2 
246 |a Mallado estructurado HEXA usando Ansys ICEM CFD. Parte 2 
264 |a Bogot ̀(Colombia) :  |b Revista VirtualPRO,  |c 2015 
520 3
650 \ \ |a Mecǹica de fluidos 
650 \ \ |a Dinm̀ica de fluidos 
650 \ \ |a Fluid mechanics 
650 \ \ |a Fluid dynamics 
650 \ \ |a mecǹica de fluidos 
650 \ \ |a dinm̀ica de fluidos computacional 
650 \ \ |a CFD 
650 \ \ |a simulacin̤ 
650 \ \ |a modelado 
650 \ \ |a fluid mechanics 
650 \ \ |a computational fluid dynamics 
650 \ \ |a CFD 
650 \ \ |a simulation 
650 \ \ |a modelling  
700 \ \ |a Canal PRACE Courses / YouTube 
856 |z Structured HEXA Meshing Using Ansys ICEM CFD. Part 2  |u https://virtualpro.unach.elogim.com/biblioteca/mallado-estructurado-hexa-usando-ansys-icem-cfd-parte-2